Da contestaȯ́ Rp̌lica, Trp̌lica e Articulados Supervenientes/

Detalles Bibliográficos
Autor principal: Leitó, Helder Martins
Formato: Desconocido
Lenguaje:portugués
Publicado: Porto : Elcla, 2008
Acceso en línea:Acceso restringido

MARC

LEADER 00000ny a22000003n 4500
005 20110623170530.0
008 090130s2008 po s 000 0 por d
020 |a 972749160X 
035 |a 2506 
040 |a UMA.RE  |d vlex 
080 |a 347.9(469)(0.034) 
090 |c 1190  |d 1190 
100 1 |a Leitó, Helder Martins 
245 1 2 |a Da contestaȯ́  |h [Recurso electrn̤ico]  |b Rp̌lica, Trp̌lica e Articulados Supervenientes/  |c Helder Martins Leitó 
256 |a Servicio en ln̕ea 
260 |a Porto :  |b Elcla,  |c 2008 
506 1 |a Contenido solo disponible en los productos indicados  |d vLex Global  |d vLex Global (Academic Edition, excluding Law Schools)  |d vLex Global (U.S. Academic Edition, Law Schools)  |d vLex Global (U.S. Academic Edition, excluding Law Schools)  |d vLex Global (Academic Edition, Law Schools) 
740 0 |a vLex Libros (Servicios en ln̕ea) 
856 |z Acceso restringido  |u http://vlex.com/source/contesta-o-replica-treplica-articulados-supervenientes-2506 
942 |c BOOK 
999 0 4 |a Derecho Procesal  |z Portugal  |v En ln̕ea